Vista normal Vista MARC

Entrada Nombre Corporativo

Número de registros utilizados en: 1

001 - NUMERO DE CONTROL

  • control field: 27754

003 - CONTROL NUMBER IDENTIFIER

  • control field: AR-RoUNA

005 - FECHA Y HORA DE LA ÚLTIMA TRANSACCIÓN

  • control field: 20260527082601.0

008 - ELEMENTOS DE DATOS DE LONGITUD FIJA

  • fixed length control field: 260527|| aca||aabn | a|a d

040 ## - FUENTE DE CATALOGACIÓN

  • Original cataloging agency: AR-RoUNA
  • Transcribing agency: AR-RoUNA

110 ## - NOMBRE CORPORATIVO

  • Subordinate unit: James Stirling, Michael Wilford y asociados

670 ## - SOURCE DATA FOUND

  • Source citation: Work cat.: (AR-RoUNA)12430: James Stirling, Michael Wilford y asociados , James Stirling :, 1991